| 000 | 01333 a2200217 4500 | ||
|---|---|---|---|
| 001 | 173 | ||
| 005 | 20260407155414.0 | ||
| 008 | 260407a2006 arg spa d | ||
| 003 | AR-UNSa-BCEJYS | ||
| 040 |
_aAR-UNSa-BCEJYS _bspa _cAR-UNSa-BCEJYS |
||
| 080 |
_a336.233 _xTipos de contribución. Contribuciones a la Seguridad Social |
||
| 245 | 1 | 0 |
_aProcedimiento tributario _precursos de la seguridad social |
| 020 | _a978-987-01-0517-6 | ||
| 250 | _a1a. ed | ||
| 264 | 1 |
_aBuenos Aires : _bErrepar _c2006 |
|
| 300 |
_a561 p. _c22 cm |
||
| 505 | _a1. Facultades de reglamentación, recaudación y fiscalización - 2. Determinación y percepción de los tributos de la seguridad social - 3. Las presunciones, ficciones y valoraciones. El esquema presuntivo de la Ley 26.063 - 4. Aspectos generales e introductorios - 5. Impugnación de deudas y sanciones - 6. De la prueba - 7. Modos de terminación del proceso en sede administrativa 8. Proceso judicial ante la Cámara Federal de la Seguridad Social. Generalidades 9. El "Solve et Repete" 10. De la sentencia, consecuencias, efectos y recursos 11. Vías alternativas de acceso a la jurisdicción 12. Procedimiento impugnatorio. Su aplicación en conexidad con otros procedimientos | ||
| 942 | _cBK | ||
| 590 | _aniveau_biblio:m niveau_hierar:0 | ||
| 100 | 1 | _aPérez, Daniel Guillermo | |
| 999 |
_c134 _d134 |
||